000 00621nam a22002537a 4500
005 20251212154647.0
008 160113b2012 xxu||||| |||| 00| 0 spa d
020 _a9789968636087
041 _aESP
082 _aCR 863.44 C512a
100 _aChaves Campos, Luis
245 _aAsfalto: un road poem
260 _aCosta Rica
260 _bLanzallamas
260 _c2012
300 _a116 páginas
490 _aTemática General
650 _aLITERATURA COSTARRICENSE
650 _aNOVELA COSTARRICENSE
650 _aVIAJE POR CARRETERA
650 _aPAREJA
650 _aSEPARACIÓN
942 _cLIT
_2ddc
999 _c7330
_d7330